Statistiques concernant Pays par image n°3

Cliquez ici pour prendre le quiz!

Statistiques générales

  • Ce quiz a été pris 20 333 fois
  • Le résultat moyen est 9 sur 15

Statistiques - réponses

Réponse% Correct
Etats-Unis
96%
France
96%
Espagne
90%
Pays-Bas
82%
Tanzanie / Kenya
75%
Jordanie
69%
Vatican
66%
Cuba
63%
Autriche
61%
Irlande
49%
Hongrie
47%
Croatie
42%
Argentine
40%
Iran
40%
Taïwan
33%

Distribution des résultats

Percentile par nombre de réponses

% des personnes avec chaque résultat

Votre développement - résultats

Vous n’avez pas pris ce quiz